[Event "World Amateur-ch U1700"]
[Site "Cagliari"]
[Date "2018.04.25"]
[Round "5"]
[White "Altea, Luca"]
[Black "Alotaibi, Khaled"]
[Result "0-1"]
[WhiteElo "1523"]
[BlackElo "1421"]
[PlyCount "66"]
[EventDate "2018.04.22"]
[EventType "swiss"]
[EventRounds "9"]
[EventCountry "ITA"]
[SourceTitle "CBM 184 Extra"]
[Source "ChessBase"]
[SourceDate "2018.06.28"]
[SourceVersion "1"]
[SourceVersionDate "2018.06.28"]
[SourceQuality "1"]

1. e4 e5 2. Nf3 Nc6 3. Nc3 Nf6 4. Bb5 Nd4 5. Nxe5 Qe7 6. Nf3 Nxb5 7. Nxb5 Qxe4+ 8. Qe2 Qxe2+ 9. Kxe2 Nd5 10. Re1 a6 11. Kf1+ Be7 12. Nbd4 d6 13. d3 h6 14. a3 Bg4 15. Bd2 c5 16. h3 Bd7 17. Nb3 b6 18. Re2 Be6 19. c4 Nc7 20. Bc3 0-0 21. Rae1 Rfe8 22. d4 Bf6 23. Re3 Bxc4+ 24. Kg1 Bxb3 25. dxc5 Rxe3 26. Rxe3 Nd5 27. Rd3 Nxc3 28. bxc3 dxc5 29. Rd6 Rb8 30. Nd2 Bc2 31. Nc4 b5 32. Ne3 Be4 33. c4 Bd4 0-1

[Event "World Amateur-ch U1700"]
[Site "Cagliari"]
[Date "2018.04.24"]
[Round "4"]
[White "Corbo, Giuseppe"]
[Black "Altea, Luca"]
[Result "0-1"]
[WhiteElo "1352"]
[BlackElo "1523"]
[PlyCount "82"]
[EventDate "2018.04.22"]
[EventType "swiss"]
[EventRounds "9"]
[EventCountry "ITA"]
[SourceTitle "CBM 184 Extra"]
[Source "ChessBase"]
[SourceDate "2018.06.28"]
[SourceVersion "1"]
[SourceVersionDate "2018.06.28"]
[SourceQuality "1"]

1. e4 c5 2. Nc3 d6 3. f4 Nf6 4. e5 Nfd7 5. Nf3 b6 6. Bb5 Bb7 7. 0-0 d5 8. d4 e6 9. Be3 a6 10. Bxd7+ Nxd7 11. b3 Rc8 12. Ne2 cxd4 13. Nexd4 Nc5 14. Nd2 Be7 15. f5 Bg5 16. Qf3 0-0 17. f6 Bxe3+ 18. Qxe3 gxf6 19. Qg3+ Kh8 20. Rf3 Rg8 21. Qf4 f5 22. Rh3 Rg4 23. Qh6 Qg8 24. Qf6+ Qg7 25. Qxg7+ Kxg7 26. N2f3 Ne4 27. Rh4 Rxh4 28. Nxh4 Nc3 29. Nhf3 a5 30. a4 Ba6 31. Re1 Ne4 32. Re3 Nc5 33. Ng5 h6 34. Nh3 f6 35. exf6+ Kxf6 36. Nf4 Re8 37. Nxd5+ Kf7 38. Nxb6 Rd8 39. Nc6 Rd1+ 40. Kf2 Rf1+ 41. Kg3 f4+ 0-1

[Event "World Amateur-ch U1700"]
[Site "Cagliari"]
[Date "2018.04.23"]
[Round "3"]
[White "Altea, Luca"]
[Black "Kostov, Kiril"]
[Result "0-1"]
[WhiteElo "1523"]
[BlackElo "1125"]
[PlyCount "68"]
[EventDate "2018.04.22"]
[EventType "swiss"]
[EventRounds "9"]
[EventCountry "ITA"]
[SourceTitle "CBM 184 Extra"]
[Source "ChessBase"]
[SourceDate "2018.06.28"]
[SourceVersion "1"]
[SourceVersionDate "2018.06.28"]
[SourceQuality "1"]

1. e4 c5 2. Nf3 d6 3. d4 cxd4 4. Nxd4 Nf6 5. Nc3 a6 6. Be3 e6 7. f3 Be7 8. Bc4 b5 9. Bb3 Bb7 10. Qd2 0-0 11. 0-0 Nbd7 12. a3 Re8 13. Ba2 Nb6 14. Qf2 Nfd7 15. Rad1 d5 16. e5 Bc5 17. b4 Bxd4 18. Bxd4 Qc7 19. Rde1 Nc4 20. Bxc4 Qxc4 21. Nd1 a5 22. Nb2 Qc7 23. c3 axb4 24. axb4 Ra2 25. Re2 Rea8 26. Nd3 Qc4 27. Nf4 Rxe2 28. Qxe2 Ra2 29. Qe1 Nb6 30. Nh5 g6 31. Nf6+ Kg7 32. Bc5 Bc6 33. f4 d4 34. Qh4 Rxg2+ 0-1

[Event "World Amateur-ch U1700"]
[Site "Cagliari"]
[Date "2018.04.23"]
[Round "2"]
[White "Cao, Bruno"]
[Black "Altea, Luca"]
[Result "0-1"]
[WhiteElo "1178"]
[BlackElo "1523"]
[PlyCount "62"]
[EventDate "2018.04.22"]
[EventType "swiss"]
[EventRounds "9"]
[EventCountry "ITA"]
[SourceTitle "CBM 184 Extra"]
[Source "ChessBase"]
[SourceDate "2018.06.28"]
[SourceVersion "1"]
[SourceVersionDate "2018.06.28"]
[SourceQuality "1"]

1. e4 d5 2. e5 c5 3. Bb5+ Bd7 4. Bxd7+ Qxd7 5. d4 cxd4 6. Qxd4 Nc6 7. Qf4 e6 8. Bd2 Bc5 9. Be3 d4 10. Bd2 Qd5 11. b4 Nxb4 12. Bxb4 Bxb4+ 13. Nd2 Qxg2 14. Qf3 Qg5 15. Qd3 Qxe5+ 16. Ne2 Bxd2+ 17. Kxd2 Nf6 18. Rab1 Ne4+ 19. Ke1 Nc5 20. Qg3 Qxg3 21. Nxg3 d3 22. cxd3 Nxd3+ 23. Ke2 Nc5 24. Rhd1 Ke7 25. Kf1 b6 26. Rd4 Rad8 27. Rg4 g6 28. Rh4 h5 29. Rc4 Rd2 30. Ne4 Nxe4 31. Rxe4 Rxa2 0-1

[Event "Sardegna Regional-ch"]
[Site "Cagliari"]
[Date "2015.06.01"]
[Round "4"]
[White "Spanu, Giacomo"]
[Black "Altea, Luca"]
[Result "0-1"]
[WhiteElo "1529"]
[BlackElo "1415"]
[PlyCount "126"]
[EventDate "2015.05.30"]
[EventType "swiss"]
[EventRounds "6"]
[EventCountry "ITA"]
[SourceTitle "EXT 2017"]
[Source "ChessBase"]
[SourceDate "2016.10.25"]
[SourceVersion "1"]
[SourceVersionDate "2016.10.25"]
[SourceQuality "1"]

1. e4 d5 2. exd5 Qxd5 3. d4 Nc6 4. Nf3 a6 5. h3 Nf6 6. Nc3 Qd6 7. Be3 h6 8. Qd2 g5 9. 0-0-0 Bg7 10. Bc4 Bf5 11. a3 Bg6 12. Rhe1 0-0-0 13. Qe2 Na5 14. Ba2 Kb8 15. Ne5 e6 16. Nxg6 fxg6 17. Kb1 e5 18. dxe5 Qe7 19. Rxd8+ Rxd8 20. exf6 Qxf6 21. Bc1 Nc6 22. Bd5 Na7 23. Qe7 Qxe7 24. Rxe7 Bxc3 25. bxc3 Rxd5 26. Re6 Rd6 27. Rxd6 cxd6 28. h4 gxh4 29. Bxh6 Nb5 30. Kb2 d5 31. Kb3 Nd6 32. Kb4 b6 33. Bd2 Kb7 34. a4 a5+ 35. Kb3 Ka6 36. Bf4 Nf5 37. c4 Nd4+ 38. Kb2 dxc4 39. Be5 Nf5 40. Kc3 b5 41. axb5+ Kxb5 42. Kb2 Kc5 43. Bf6 Kb5 44. Ka3 a4 45. Be5 Ka5 46. Bc7+ Kb5 47. Be5 g5 48. Bf6 g4 49. Be5 h3 50. gxh3 gxh3 51. Bb8 Nd4 52. c3 Nf3 53. Bc7 h2 54. Bxh2 Nxh2 55. f4 Nf3 56. f5 Ne5 57. f6 Nd7 58. f7 Nf8 59. Kb2 Kc5 60. Ka3 Kd5 61. Kxa4 Ke4 62. Ka3 Kd3 63. Kb4 Nh7 0-1